Les commandements l'humanité ou La vie morale sous forme de catéchisme populaire d'après Krause / (Record no. 166297)

MARC details
000 -LEADER
campo de control de longitud fija 00550nam a2200157 i 4500
001 - NÚMERO DE CONTROL
campo de control 166297
003 - IDENTIFICADOR DE NÚMERO DE CONTROL
campo de control ES-MaACL
005 - FECHA Y HORA DE LA ÚLTIMA TRANSACCIÓN
campo de control 20230906213312.0
008 - DATOS DE LONGITUD FIJA--INFORMACIÓN GENERAL
campo de control de longitud fija 970612s1872 be |||| | fre d
040 ## - FUENTE DE CATALOGACIÓN
Centro catalogador/agencia de origen AR
Lengua de catalogación spa
Centro/agencia transcriptor AR
100 0# - ENTRADA PRINCIPAL--NOMBRE DE PERSONA
Nombre de persona Tiberghien, Guillaume.
9 (RLIN) 110206
245 14 - MENCIÓN DEL TÍTULO
Título Les commandements l'humanité ou La vie morale sous forme de catéchisme populaire d'après Krause /
Mención de responsabilidad, etc. par G. Tiberghien.
260 ## - PUBLICACIÓN, DISTRIBUCIÓN, ETC.
Lugar de publicación, distribución, etc. Bruxelles :
Nombre del editor, distribuidor, etc. Gustave Mayolez, libraire-éditeur,
Fecha de publicación, distribución, etc. 1872.
300 ## - DESCRIPCIÓN FÍSICA
Extensión 306 p. ;
Dimensiones 15 cm.
852 ## - LOCALIZACIÓN
Ubicación ES-MaACL
Número de control de estantería D-4904
Nota libre -- Enc. hol.
Holdings
Estatus retirado Estado de pérdida Estado de daño No para préstamo Colección Biblioteca de origen Biblioteca actual Ubicación en estantería Fecha de adquisición Fuente de adquisición Total de préstamos Signatura topográfica completa Código de barras Visto por última vez Precio de reemplazo Tipo de ítem Koha
        Libros del s. XIX Biblioteca del Ateneo de Madrid Biblioteca del Ateneo de Madrid Sala Valle Inclán 17/01/2008     D-4904 901174399 23/02/2023 23/02/2023 Libro impreso antiguo